Регионална библиотека "Любен Каравелов" - Русе

Курсът за мен. Английски език [аудио CD] (Запис номер 227839)

MARC детайли
000 -Лидер
Контролно поле с фиксирана дължина 01606njm a2200397 c 4500
003 - Код на организацията, давaща контролен номер
Контролно поле BLK
005 - Дата и час на последна редакция
Контролно поле 20240102131105.0
008 - Елементи от данни с фиксирана дължина
fixed length control field 180410b bul||n||s|||||||| n|bulo|
010 ## - Наследен системен номер
LC control number CDD00008743000
020 ## - Международен стандартен номер на книга ISBN
Международен стандартен номер на книга ISBN 978-954-344-252-2
040 ## - Източник на каталожния запис
Идентификатор на билиотеката - собственик на записа BLK
041 ## - Код за език
Код за езика на текст/звукозапис или на отделно заглавие Английски
Код за езика КДБФ Английски
072 #7 - Код за тематичната категория
Код организация bullib
Код за тематична категория Ф03
Текст Учебни материали Ф
080 ## - УДК
Текстов определител УДК Английски език
УДК код - определител по УДК 811.111
УДК определител (075.4)(086.7)
УДК - код + определител 811.111(075.4)(086.7)
139 ## - Редно поле
Редна дума Курсът за мен. Английски език [аудио CD]
Авторски знак Куп - К 94
245 10 - Сведения за заглавието
Заглавие Курсът за мен. Английски език [аудио CD]
Подзаглавни данни Ниво A1 - A2 : Самоучител : CD 1 -
Том CD 1
Заглавие на том Урок 1 - 8 и преговор 1+2
257 ## - Страна на издаване
Страна на създаване/издаване България
-- Германия
260 ## - Област на издателските данни
Име на издателя, разпространителя и проч. Клет България
-- PONS
Година на издаване 2014
300 ## - Физическа характеристика
Размери/Мащаб 12 см
380 ## - Жанр
Жанр Езикознание. Филология
500 ## - Общи забележки
Забележка Дигитално изд. - Прил. към кн. със същото загл. и сигн. 272657.
650 #4 - Допълнително описание по предмет – тема
Основно описание – тема или топоним Английски език - учебни помагала - слушане
9 (RLIN) 274487
653 ## - Ключова дума – ненормативна
Ключова дума английски език
653 ## - Ключова дума – ненормативна
Ключова дума учебни помагала
653 ## - Ключова дума – ненормативна
Ключова дума учебници за самообразование
659 ## - Тематичен бюлетин
Тематичен бюлетин Ф
760 1# - Описание на основната серия
Място на издаване, издател и година 2014
Страници - том (37 мин. 58 сек.) : зв.
Заглавие CD 1 Урок 1 - 8 и преговор 1+2
852 ## - Местоположение
Форматна сигнатура Цб CD 3906
Част 0
856 4# - Електронен адрес и достъп
Електронен формат pdf - файл
Път до файла /url/
856 4# - Електронен адрес и достъп
Електронен формат pdf - файл
Път до файла /url/
999 ## - СИСТЕМНИ КОНТРОЛНИ НОМЕРА
Koha biblionumber 227839
Koha biblioitemnumber 227839
942 ## - АРТИКУЛИ
Вид на библиотечния материал Компактдискове
Скрит в OPAC Не
Koha issues (borrowed), all copies 5
Периодичен библиозапис Да
944 ## - СЪЗДАВАНЕ И РЕДАКЦИЯ на ЗАПИСА
Създаване/Редакция Създаване
Дата на регистрацията/редакция 13.02.2015
Служител, извършил регистрацията/редакцията 30556
Статус, дата на статуса Теодора Пейчева-Дянкова
944 ## - СЪЗДАВАНЕ И РЕДАКЦИЯ на ЗАПИСА
Създаване/Редакция Редакция
Дата на регистрацията/редакция 20.12.2017
Служител, извършил регистрацията/редакцията Виолета_Тройчева
999 ## - СИСТЕМНИ КОНТРОЛНИ НОМЕРА
Koha biblioitemnumber 227839
999 ## - СИСТЕМНИ КОНТРОЛНИ НОМЕРА
Koha biblioitemnumber 227839
Наличности
Код за отписване Код за изгубен артикул Източник на класификационната схема Код за повреда Коз за рестрикции Код за отдаване Артикулен № Име на библиотеката - собственик Име на библиотеката, в която се намира в момента Статус (Текущо местоположение) Дата на вписване в системата Местоположение - отдел Цена в лева Инвентарен номер Систематично азбучна сигнатура Баркод Номер на екземпляра Цена в евро Служебна бележка Служебен тип на артикула
  Не е изгубен Universal Decimal Classification Не е повреден без рестрикции заемане за дома 400002 Регионална библиотека "Любен Каравелов" Русе Регионална библиотека "Любен Каравелов" Русе ЧЧЗО - англ. ез. - Британски съвет 2015-02-12 ЧЧЗО - англ. ез. - Британски съвет 5.00 250000005481 Ч3 802.0/К 94 250000005481 1 2.56 Дост: Pk Вид: Ф N: 424 Дата: 11.02.2015 Съставил: Пенка_Димитрова Компактдискове
Vip Innovations Ltd, Rousse, Bulgaria 2025